000 00341nam a22001337a 4500
020 _qPB.
040 _cFIZZA ISHAQ
082 _a351
_bKAT
100 _aCALLAHAN,KATHE.
_9133240
245 _aGLOBAL PUBLIC MANAGEMENT /
_cKATHE CALLAHAN.
260 _aNEW YORK ;
_bSAGE PUBLISHER,
_c2005.
300 _a193 P. ;
_c8.9X5.9IN
942 _2ddc
_cBK
999 _c616208
_d616208